A treatise on anti-corruption laws in India : with exhaustive commentaries on the Prevention of Corruption Act, 1988 : (Record no. 134449)
[ view plain ]
| 000 -LEADER | |
|---|---|
| fixed length control field | 00960nam a22002417a 4500 |
| 005 - DATE AND TIME OF LATEST TRANSACTION | |
| control field | 20170124110226.0 |
| 010 ## - LIBRARY OF CONGRESS CONTROL NUMBER | |
| LC control number | A-387361 |
| 020 ## - INTERNATIONAL STANDARD BOOK NUMBER | |
| Terms of availability | 275.00 |
| 035 ## - SYSTEM CONTROL NUMBER | |
| System control number | A-387361 |
| 037 ## - SOURCE OF ACQUISITION | |
| Source of stock number/acquisition | Cen Lib/Ret |
| 040 ## - CATALOGING SOURCE | |
| Original cataloging agency | DPL |
| Language of cataloging | EN |
| 082 ## - DEWEY DECIMAL CLASSIFICATION NUMBER | |
| Classification number | 344.05 |
| Item number | RAM |
| 100 ## - MAIN ENTRY--PERSONAL NAME | |
| Personal name | Ramakrishna |
| 9 (RLIN) | 40758 |
| 245 ## - TITLE STATEMENT | |
| Title | A treatise on anti-corruption laws in India : with exhaustive commentaries on the Prevention of Corruption Act, 1988 : |
| Statement of responsibility, etc | by P. V. Ramakrishna |
| Remainder of title | : the Dehli Special Police Establishment Act, 1946, the Criminal Law Amendment Ordinence, 1944, offenses of conspiracy, attempt and abetment which are punishable under the Indian Penal Code, and other allied acts/ |
| 250 ## - EDITION STATEMENT | |
| Edition statement | 3rd ed. |
| 260 ## - PUBLICATION, DISTRIBUTION, ETC. (IMPRINT) | |
| Place of publication, distribution, etc | Hyderabad |
| Name of publisher, distributor, etc | Asia Law House |
| Date of publication, distribution, etc | 1989 |
| 270 ## - ADDRESS | |
| Address | Opp. High Court |
| City | Hyderabad |
| 300 ## - PHYSICAL DESCRIPTION | |
| Extent | xcv,966p. |
| Dimensions | 23cm(Hb) |
| 500 ## - GENERAL NOTE | |
| General note | Includes index |
| 650 ## - SUBJECT ADDED ENTRY--TOPICAL TERM | |
| Topical term or geographic name as entry element | Anti-corruptions Laws |
| 9 (RLIN) | 40759 |
| 650 ## - SUBJECT ADDED ENTRY--TOPICAL TERM | |
| Topical term or geographic name as entry element | Law |
| 9 (RLIN) | 104 |
| 942 ## - ADDED ENTRY ELEMENTS (KOHA) | |
| Source of classification or shelving scheme | Dewey Decimal Classification |
| Koha item type | English Books |
| Classification part | 344.05 |
| Call number suffix | RAM |
| Withdrawn status | Lost status | Damaged status | Not for loan | Collection code | Home library | Current library | Date acquired | Source of acquisition | Cost, normal purchase price | Total Checkouts | Full call number | Barcode | Date last seen | Copy number | Cost, replacement price | Price effective from | Koha item type |
|---|---|---|---|---|---|---|---|---|---|---|---|---|---|---|---|---|---|
| Not For Loan | Reference | Central Library | Central Library | 30/07/2015 | Cen Lib/Ret | 275.00 | 344.05 RAM | A-387361 | 30/07/2015 | 1 | 275.00 | 30/07/2015 | English Books |
